Viacúrovňové rozhodovanie v ochrane životného prostredia

Pojem europeanizácia. Definovanie spravovania. Zmeny v národných environmentálnych politikách. Kompenzovanie globalizácie a národnej environmentálnej politiky. Od riadenia k spravovaniu v krajinách strednej a východnej Európy.

Uložené v:
Podrobná bibliografia
Hlavný autor: Belanová, Katarína, 1978-
Médium: Kapitola
Jazyk:Slovak
Predmet:
Tagy: Pridať tag
Žiadne tagy, Buďte prvý, kto otaguje tento záznam!

MARC

LEADER 00000naa a2200000 4500
001 0136544
005 20240502072529.5
041 0 |a slo 
044 |a SK 
245 1 0 |a Viacúrovňové rozhodovanie v ochrane životného prostredia  |c Katarína Belanová 
520 |a Pojem europeanizácia. Definovanie spravovania. Zmeny v národných environmentálnych politikách. Kompenzovanie globalizácie a národnej environmentálnej politiky. Od riadenia k spravovaniu v krajinách strednej a východnej Európy. 
610 2 0 |a rozhodovanie decentralizované 
610 2 0 |a globalizácia 
610 2 0 |a správa spoločnosti 
610 2 0 |a integrácia 
610 2 0 |a Európska únia 
610 2 0 |a ochrana prostredia životného 
610 2 0 |a politika environmentálna 
100 1 |a Belanová, Katarína, 1978-